000 00419nam a22001817a 4500
003 MPLRDC
005 20220104180352.0
008 210129b ||||| |||| 00| 0 eng d
020 _a0-582-73126-7
082 _a803.92 SIW
100 _aRUBAIDIN SIWAR
245 _aPERIBAHASA PILIHAN
_c
250 _a再版
260 _a
_bLONGMAN MALAYSIA S/B
_c1985
300 _b
650 _a
942 _cBK
_o803.92 SIW
999 _c60886
_d60876